مكتبة جامعة عجلون الوطنية

فهرس بحث المكتبة

Normal view MARC view
  • الاغذية-الجوانب الصحية

Entry Topical Term

Number of records used in: 1

001 - CONTROL NUMBER

  • control field: 38258

003 - CONTROL NUMBER IDENTIFIER

  • control field: JO-AjAnu

005 - DATE AND TIME OF LATEST TRANSACTION

  • control field: 20230606080355.0

008 - FIXED-LENGTH DATA ELEMENTS

  • fixed length control field: 230606|| aca||aabn | a|a d

040 ## - CATALOGING SOURCE

  • Original cataloging agency: JO-AjAnu
  • Transcribing agency: JO-AjAnu

150 ## - HEADING--TOPICAL TERM

  • Topical term or geographic name entry element: الاغذية-الجوانب الصحية

670 ## - SOURCE DATA FOUND

  • Source citation: Work cat.: (JO-AjAnu)19626: منصور، حسن فكري , author 38257, احترس من الغذاء الدليل الواضح للضار والنافع من الغذاء